Statistiken für Wörter die mit „X“ beginnen

Klicken Sie hier um das Quiz zu spielen!

Allgemein

  • Dieses Quiz wurde 48 mal gespielt
  • Das Durchschnittsergebnis liegt bei 3 aus 7

Antwortstatistiken

TippAntwort mit X% Korrekt
MusikinstrumentXylophon
98%
Gas in GlühlampenXenon
66%
StadtXanten
61%
MatheX-Achse
32%
Beliebteste Frauenname(n), nenne 1Xabelle/ Xamira/Xena/Xenja/Ximenia/Xandra/Xandria/Xochil/Xylona/Xochil
16%
Xerographisches (hergestelltes) Papier nennt manXerokopie
0%
Gerät zur RaumbestimmungXylometer
0%

Verteilung der Resultate

Perzentil nach korrekt beantworteten Fragen

Anzahl Personen mit jedem Resultat

Ihre Resultats-Entwicklung

Sie haben dieses Quiz noch nicht gespielt